| 000 | 00526nam a2200193 i 4500 | ||
|---|---|---|---|
| 001 | 75483 | ||
| 003 | ES-MaACL | ||
| 005 | 20230906172454.0 | ||
| 007 | t| | ||
| 008 | 040924s1981 sp ||||1| spa d | ||
| 100 | 1 |
_aGoytisolo, Luis. _959425 |
|
| 245 | 1 | 0 |
_aFábulas / _cLuis Goytisolo. |
| 260 |
_a[Barcelona] : _bBruguera, _c[1981] |
||
| 300 |
_a186 p. ; _c19 cm. |
||
| 490 | 1 |
_aNarradores de hoy ; _v47 |
|
| 830 | 0 |
_aNarradores de hoy ; _v47 _9182895 |
|
| 852 |
_aES-MaACL _jL-1273 _bR.101574 |
||
| 999 |
_c75483 _d75483 |
||